00270nam a2200121Ia 4500008004100000100001200041245001700053260002900070300000900099650001600108942000700124999001700131190216s9999||||xx |||||||||||||| ||und|| aHarrary 0aGraph Theory bNarosha Publishingc1969 a286p aMathematics cBK c31556d31556